Présupposés, connotations et effets très pervers de conceptions et de pratiques du social (notice n° 1593504)

détails MARC
000 -LEADER
fixed length control field 01354cam a2200265 4500500
005 - DATE AND TIME OF LATEST TRANSACTION
control field 20251228071258.0
041 ## - LANGUAGE CODE
Language code of text/sound track or separate title fre
042 ## - AUTHENTICATION CODE
Authentication code dc
100 10 - MAIN ENTRY--PERSONAL NAME
Personal name Caudron, Denis
Relator term author
245 00 - TITLE STATEMENT
Title Présupposés, connotations et effets très pervers de conceptions et de pratiques du social
260 ## - PUBLICATION, DISTRIBUTION, ETC.
Date of publication, distribution, etc. 2003.<br/>
500 ## - GENERAL NOTE
General note 57
520 ## - SUMMARY, ETC.
Summary, etc. Des pratiques sociales, des politiques sociales, contribuent non intentionnellement au développement de l’idéologie et de l’agir de l’extrême droite. Deux axes de réflexion sous-tendent ce questionnement : le développement du particularisme et la dévalorisation du politique.
520 ## - SUMMARY, ETC.
Summary, etc. DENIS CAUDRON. Some social practices and policies contribute unwittingly to the development of the ideology and of the action of the extreme-right. Two main lines of reflection underlie this question: the development of idiosyncracies and the depreciation of the politics.
690 ## - LOCAL SUBJECT ADDED ENTRY--TOPICAL TERM (OCLC, RLIN)
Topical term or geographic name as entry element é politique
690 ## - LOCAL SUBJECT ADDED ENTRY--TOPICAL TERM (OCLC, RLIN)
Topical term or geographic name as entry element effet pervers
690 ## - LOCAL SUBJECT ADDED ENTRY--TOPICAL TERM (OCLC, RLIN)
Topical term or geographic name as entry element particularisme
690 ## - LOCAL SUBJECT ADDED ENTRY--TOPICAL TERM (OCLC, RLIN)
Topical term or geographic name as entry element universalisme
690 ## - LOCAL SUBJECT ADDED ENTRY--TOPICAL TERM (OCLC, RLIN)
Topical term or geographic name as entry element idiosyncracies
690 ## - LOCAL SUBJECT ADDED ENTRY--TOPICAL TERM (OCLC, RLIN)
Topical term or geographic name as entry element perverse effect
690 ## - LOCAL SUBJECT ADDED ENTRY--TOPICAL TERM (OCLC, RLIN)
Topical term or geographic name as entry element political solidarity
690 ## - LOCAL SUBJECT ADDED ENTRY--TOPICAL TERM (OCLC, RLIN)
Topical term or geographic name as entry element universalism
786 0# - DATA SOURCE ENTRY
Note Pensée plurielle | 5 | 1 | 2003-03-01 | p. 105-114 | 1376-0963
856 41 - ELECTRONIC LOCATION AND ACCESS
Uniform Resource Identifier <a href="https://shs.cairn.info/revue-pensee-plurielle-2003-1-page-105?lang=fr&redirect-ssocas=7080">https://shs.cairn.info/revue-pensee-plurielle-2003-1-page-105?lang=fr&redirect-ssocas=7080</a>

Pas d'exemplaire disponible.

PLUDOC

PLUDOC est la plateforme unique et centralisée de gestion des bibliothèques physiques et numériques de Guinée administré par le CEDUST. Elle est la plus grande base de données de ressources documentaires pour les Étudiants, Enseignants chercheurs et Chercheurs de Guinée.

Adresse

627 919 101/664 919 101

25 boulevard du commerce
Kaloum, Conakry, Guinée

Réseaux sociaux

Powered by Netsen Group @ 2025